Reféns das próprias emoções (Registo nº 36273)
[ vista simples ]
| 000 -Etiqueta do registo | |
|---|---|
| Valores | 00782nam a2200253 4500 |
| 010 ## - Número ISBN | |
| ISBN | 9789722540353 |
| 021 ## - Número do Depósito Legal | |
| Código do país | Portugal |
| Número | 476653/20 |
| 100 ## - Dados gerais de processamento | |
| Dados gerais | 20210806d2021 m y0pory50030103ba |
| 101 0# - Língua de publicação | |
| Língua | Português |
| 102 ## - País de publicação | |
| País | Portugal |
| 200 1# - Titulo e menção de responsabilidade | |
| Título próprio | Reféns das próprias emoções |
| Informação de outro título | um retrato íntimo das pessoas com personalidade borderline |
| Primeira menção de responsabilidade | João Carlos Melo |
| 205 ## - Menção da edição | |
| Edição | 1ª ed |
| 210 #9 - Publicação | |
| Local de publicação | Lisboa |
| Nome do editor | Bertrand, |
| Data de publicação | 2021 |
| 215 ## - Descrição física | |
| Paginação / Volumes | 309, [3] p. |
| Dimensões | 23 cm |
| 606 ## - Nome comum usado como assunto | |
| ID Autoridade | 6626 |
| Palavra de ordem | Emoções |
| Subdivisão assunto | Borderline |
| 675 ## - CDU | |
| Notação | 159.97 |
| Edição | BN |
| Língua | por |
| 675 ## - CDU | |
| Notação | 616.89-008.48 |
| Edição | BN |
| Língua | por |
| 700 ## - Autor principal | |
| Apelido | Melo |
| Nome | João Carlos |
| ID Autoridade | 5763 |
| 801 #0 - Fonte de origem | |
| País | PT |
| Agência | BN |
| Regras de catalogação | RPC |
| 856 41 - Localização e acesso electrónico | |
| URL | <a href="http://rnod.bnportugal.gov.pt/ImagesBN/winlibimg.aspx?skey=&doc=2077886&img=154887&save=true">http://rnod.bnportugal.gov.pt/ImagesBN/winlibimg.aspx?skey=&doc=2077886&img=154887&save=true</a> |
| 090 ## - Tipo de documento | |
| Koha biblioitem number (autogenerated) | 36273 |
| 990 ## - Elementos KOHA | |
| Tipo de documento | Livro |
| 994 ## - Estado da catalogação | |
| Situação | Completo |
| Situação do levantamento | Situação do extravio | Biblioteca de origem | Biblioteca de empréstimo | Código de barras | Cota | Permissão de empréstimo | Tipo de documento | Forma de aquisição |
|---|---|---|---|---|---|---|---|---|
| Completo | Biblioteca Municipal de Viana Do Alentejo | Biblioteca Municipal de Viana Do Alentejo | 0034714 | 159.9 MEL | Disponível | Livro | Compra |